Année de sortie film français - partie 4 - Statistiques

Statistiques générales
  • Ce quiz a été pris 8 fois
  • Le résultat moyen est 7 sur 10
Statistiques - réponses
Hint Réponse % Correct
sorti le 19 février 1964 Les parapluies de Cherbourg (Jacques Demy)
100%
sorti le 27 septembre 2000 Les rivières pourpres (Mathieu Kassovitz)
100%
sorti le 27 janvier 1993 Les visiteurs (Jean-Marie Poiré)
86%
sorti le 27 novembre 1985 Scout toujours … (Gérard Jugnot)
86%
sorti le 7 janvier 1976 Les vécés étaient fermés de l'intérieur (Patrice Leconte)
71%
sorti le 28 janvier 1937 Pépé le moko (Julien Duvivier)
71%
sorti le 4 mai 1949 Jour de fête (Jacques Tati)
57%
sorti le 26 octobre 1956 La traversée de Paris (Claude Autant-Lara)
57%
sorti le 25 août 2010 Le bruit des glaçons (Bertrand Blier)
57%
sorti le 1er décembre 1969 Le clan des siciliens (Henri Verneuil)
43%
Aucun quiz correspondant
Distribution des résultats
% des personnes avec chaque résultat
Percentile par nombre de réponses
Votre historique - résultats
Vous n’avez pas pris ce quiz